| 000 | 00582nam a22002057a 4500 | ||
|---|---|---|---|
| 003 | koha_MIRAKIL | ||
| 005 | 20231213095924.0 | ||
| 008 | 231213b |||||||| |||| 00| 0 ||| d | ||
| 020 | _b978-9-75644406-1 | ||
| 040 |
_aTR-IsEVY _btur _cTR-IsEVY |
||
| 082 | _a818.42 AYV/İ | ||
| 100 | _aAyverdi, Samiha, 1905-1993 | ||
| 245 | 0 | _aİstanbul geceleri | |
| 250 | _a8. bs. | ||
| 260 |
_bKubbealtı Neşriyat, _c2012 |
||
| 300 | _a271 s. | ||
| 650 | _aİstanbul (Turkey) -- Description and travel. | ||
| 650 | _aİstanbul (Turkey) -- Social life and customs. | ||
| 942 |
_2ddc _cBK |
||
| 999 |
_c11635 _d11635 |
||